Normal view MARC view
  • MS-Economics

Entry Topical Term

Number of records used in: 59

001 - CONTROL NUMBER

  • control field: 123068

003 - CONTROL NUMBER IDENTIFIER

  • control field: NUST

005 - DATE AND TIME OF LATEST TRANSACTION

  • control field: 20240529151523.0

008 - FIXED-LENGTH DATA ELEMENTS

  • fixed length control field: 240529|| aca||aabn | a|a d

040 ## - CATALOGING SOURCE

  • Original cataloging agency: NUST
  • Transcribing agency: NUST

150 ## - HEADING--TOPICAL TERM

  • Topical term or geographic name entry element: MS-Economics

670 ## - SOURCE DATA FOUND

  • Source citation: Work cat.: (NUST): Waheed, Ayeza 123067, Cash Transfers and Household Expenditures How do Zakat and BISP affect household expenditures? /
© 2023 Central Library, National University of Sciences and Technology. All Rights Reserved.